Reseña histórica del PLD en Villa Mella / (Registro nro. 8164)

Detalles MARC
000 -LIDER
fixed length control field 00966nam a2200277 a 4500
001 - NÚMERO DE CONTROL
Identificador de número de control 000020552
003 - IDENTIFICACDOR DE NÚMERO DE CONTROL
control field DO-SdBNP
005 - DATE AND TIME OF LATEST TRANSACTION
control field 20180214093321.0
007 - CAMPOS FIJOS DE DESCRIPCIÓN FÍSICA
fixed length control field 000020552
008 - ELEMENTOS DE LONGITUD FIJA
fixed length control field 100810s1999 dr c 000 0 spa d
040 ## - FUENTE DE CATALOGACIÓN
Agencia que crea de manera original el registro BPMSU
Idioma de catalogación spa
Agencia que realiza la transcripción BPMSU
092 ## - LOCALLY ASSIGNED DEWEY DECIMAL CALL NUMBER
Número de clasificación 324.23
Número de ítem (Cutter) V335r
100 1# - ASIENTO PRINCIPAL -- NOMBRE PERSONAL
Nombre personal El Chino
Forma completa del nombre Vásquez G., Francisco
245 10 - MENCIÓN DE TITULO
Título Reseña histórica del PLD en Villa Mella /
Mención de responsabilidad Francisco Vásquez G.
260 ## - PUBLICACIÓN, DISTRIBUCIÓN, ETC. (PIE DE IMPRENTA)
Lugar de publicación, distribución, etc Santo Domingo :
Nombre del editor, distribuidor, etc. [s.n.],
Fecha de publicación, distribución, etc 1999.
300 ## - DESCRIPCIÓN FÍSICA
Extensión 48 p. :
Otros detalles físicos retrs. ;
Dimensiones 21 cm.
500 ## - NOTA GENERAL
Nota general Incluye datos biográficos del autor en la contracubierta
600 04 - ENCABEZAMIENTO DE MATERIA--NOMBRE PERSONAL
Nombre personal PARTIDO DE LA LIBERACIÓN DOMINICANA
650 #4 - ENCABEZAMIENTO DE MATERIA--TEMÁTICO
Término temático o nombre geográfico como elemento de entrada PARTIDOS POLÍTICOS
Subdivisión temática general HISTORIA
Subdivisión geográfica REPÚBLICA DOMINICANA
651 #4 - ENCABEZAMIENTO DE MATERIA--NOMBRE GEOGRÁFICO
Nombre geográfico VILLA MELLA (REPÚBLICA DOMINICANA)
Subdivisión temática general HISTORIA
942 ## - ADDED ENTRY ELEMENTS (KOHA)
Source of classification or shelving scheme Dewey Decimal Classification
Koha item type Libros
945 ## - INFORMACIÓN DE PROCESAMIENTO LOCAL
Información de procesamiento local Inventariado, 2018 /LP
956 ## - LOCAL ELECTRONIC LOCATION AND ACCESS (OCLC)
Nombre de host BTAVAREZ
Número de acceso 10
Información de compresión 20100810
Inicio de sesión BND01
Procesador de solicitud 1129
956 ## - LOCAL ELECTRONIC LOCATION AND ACCESS (OCLC)
Nombre de host YLOCKWARD
Número de acceso 10
Información de compresión 20100812
Inicio de sesión BND01
Procesador de solicitud 1045
956 ## - LOCAL ELECTRONIC LOCATION AND ACCESS (OCLC)
Nombre de host VMATEO
Número de acceso 10
Información de compresión 20150810
Inicio de sesión BPMSU
Procesador de solicitud 00150811
Existencias
Withdrawn status Lost status Source of classification or shelving scheme Damaged status Not for loan Collection code Home library Current library Date acquired Source of acquisition Total Checkouts Barcode Date last seen Price effective from Koha item type Copy number
    Dewey Decimal Classification     Colección Dominicana Biblioteca Pública Metropolitana Salomé Ureña Biblioteca Pública Metropolitana Salomé Ureña 08/11/2015 FUNDI   BPMSU15080276 08/11/2015 08/11/2015 Libros  
    Dewey Decimal Classification     Colección Dominicana Biblioteca Pública Metropolitana Salomé Ureña Biblioteca Pública Metropolitana Salomé Ureña 08/11/2015 FUNDI   BPMSU15080277 08/11/2015 08/11/2015 Libros ej. 2
    Dewey Decimal Classification     Colección Dominicana Biblioteca Pública Metropolitana Salomé Ureña Biblioteca Pública Metropolitana Salomé Ureña 08/11/2015 FUNDI   BPMSU15080278 08/11/2015 08/11/2015 Libros ej. 3